000 00373nam a2200169Ia 4500
100 _aChaffey/Dave
650 _aE business
942 _cBK
366 _f25
654 _aE business
245 _aE Business and E commerce Management
260 _bPearson Education
_c2009
082 _a658.84
_bCHA
300 _a663
546 _aENGLISH
_celectronics
999 _c20150
_d20150